Countries of South America with a Map - Statistics

General Stats
  • This quiz has been taken 24 times
  • The average score is 11 of 12
Answers on the Map
Answers color-coded by a green-red scale on the quiz's map according to % correct below.
 
Answer Stats
Answer % Correct
Argentina
100%
Brazil
100%
Chile
100%
Bolivia
95%
Colombia
95%
Ecuador
95%
Paraguay
95%
Peru
95%
Uruguay
95%
Guyana
90%
Suriname
90%
Venezuela
90%
No matching quizzes found
Score Distribution
Percent of People with Each Score
Percentile by Number Answered
Your Score History
You have not taken this quiz